000 00560nam a2200205 i 4500
001 49208
003 ES-MaACL
005 20230906161914.0
007 t|
008 030710s1982 sp ||||1| spa d
100 1 _aCortázar, Julio.
_940823
245 1 0 _aUn tal Lucas /
_cJulio Cortázar.
250 _a2ª ed.
260 _a[Madrid] :
_bAlfaguara,
_c[1982]
300 _a210 p. ;
_c20 cm.
490 1 _aLiteratura Alfaguara ;
_v41
830 0 _aLiteratura Alfaguara ;
_v41
_9178100
852 _aES-MaACL
_jL-7167
_bR.107509
999 _c49208
_d49208